<?xml version="1.0" encoding="UTF-8"?>
<record
    xmlns:xsi="http://www.w3.org/2001/XMLSchema-instance"
    xsi:schemaLocation="http://www.loc.gov/MARC21/slim http://www.loc.gov/standards/marcxml/schema/MARC21slim.xsd"
    xmlns="http://www.loc.gov/MARC21/slim">

  <leader>01525nam0a22002531  4500</leader>
  <controlfield tag="001">rc\3801978</controlfield>
  <controlfield tag="005">20260408084233.0</controlfield>
  <datafield tag="021" ind1=" " ind2=" ">
    <subfield code="a">RU</subfield>
    <subfield code="b">&#x420;&#x433;7032-76</subfield>
  </datafield>
  <datafield tag="035" ind1=" " ind2=" ">
    <subfield code="a">(NLR Aleph) 007247690</subfield>
  </datafield>
  <datafield tag="090" ind1=" " ind2=" ">
    <subfield code="a">5171547</subfield>
    <subfield code="c">5171547</subfield>
  </datafield>
  <datafield tag="100" ind1=" " ind2=" ">
    <subfield code="a">20120311d1975    |||y0rusy50      ca</subfield>
  </datafield>
  <datafield tag="101" ind1="0" ind2=" ">
    <subfield code="a">rus</subfield>
  </datafield>
  <datafield tag="102" ind1=" " ind2=" ">
    <subfield code="a">RU</subfield>
  </datafield>
  <datafield tag="105" ind1=" " ind2=" ">
    <subfield code="a">y   z   |||||</subfield>
  </datafield>
  <datafield tag="200" ind1="1" ind2=" ">
    <subfield code="a">&#x418;&#x43D;&#x441;&#x442;&#x440;&#x443;&#x43A;&#x446;&#x438;&#x44F; &#x43F;&#x43E; &#x43D;&#x43E;&#x440;&#x43C;&#x438;&#x440;&#x43E;&#x432;&#x430;&#x43D;&#x438;&#x44E; &#x440;&#x430;&#x441;&#x445;&#x43E;&#x434;&#x430; &#x43C;&#x435;&#x43B;&#x430;&#x441;&#x441;&#x44B; (&#x432; &#x43F;&#x435;&#x440;&#x435;&#x441;&#x447;&#x435;&#x442;&#x435; &#x43D;&#x430; 46 % &#x441;&#x430;&#x445;&#x430;&#x440;&#x430;) &#x43E;&#x441;&#x43D;&#x43E;&#x432;&#x43D;&#x44B;&#x445; &#x438; &#x432;&#x441;&#x43F;&#x43E;&#x43C;&#x43E;&#x433;&#x430;&#x442;&#x435;&#x43B;&#x44C;&#x43D;&#x44B;&#x445; &#x43C;&#x430;&#x442;&#x435;&#x440;&#x438;&#x430;&#x43B;&#x43E;&#x432; &#x432; &#x43F;&#x440;&#x43E;&#x438;&#x437;&#x432;&#x43E;&#x434;&#x441;&#x442;&#x432;&#x435; &#x445;&#x43B;&#x435;&#x431;&#x43E;&#x43F;&#x435;&#x43A;&#x430;&#x440;&#x43D;&#x44B;&#x445; &#x434;&#x440;&#x43E;&#x436;&#x436;&#x435;&#x439;</subfield>
    <subfield code="e">&#x423;&#x442;&#x432;. &#x413;&#x43B;&#x430;&#x432;&#x445;&#x43B;&#x435;&#x431;&#x43E;&#x43C; &#x41C;&#x438;&#x43D;&#x43F;&#x438;&#x449;&#x435;&#x43F;&#x440;&#x43E;&#x43C;&#x430; &#x421;&#x421;&#x421;&#x420; 9/IX 1974 &#x433;.</subfield>
    <subfield code="f">&#x413;&#x43E;&#x441;&#x43F;&#x43B;&#x430;&#x43D; &#x421;&#x421;&#x421;&#x420;. &#x41C;-&#x432;&#x43E; &#x43F;&#x438;&#x449;&#x435;&#x432;&#x43E;&#x439; &#x43F;&#x440;&#x43E;&#x43C;-&#x441;&#x442;&#x438; &#x421;&#x421;&#x421;&#x420;. &#x41D;&#x418;&#x418; &#x43F;&#x43B;&#x430;&#x43D;&#x438;&#x440;&#x43E;&#x432;&#x430;&#x43D;&#x438;&#x44F; &#x438; &#x43D;&#x43E;&#x440;&#x43C;&#x430;&#x442;&#x438;&#x432;&#x43E;&#x432; (&#x41D;&#x418;&#x418;&#x41F;&#x418;&#x41D;). &#x412;&#x41D;&#x418;&#x418; &#x445;&#x43B;&#x435;&#x431;&#x43E;&#x43F;&#x435;&#x43A;&#x430;&#x440;&#x43D;&#x43E;&#x439; &#x43F;&#x440;&#x43E;&#x43C;-&#x441;&#x442;&#x438; (&#x412;&#x41D;&#x418;&#x418;&#x425;&#x41F;)</subfield>
  </datafield>
  <datafield tag="210" ind1=" " ind2=" ">
    <subfield code="a">&#x41C;&#x43E;&#x441;&#x43A;&#x432;&#x430;</subfield>
    <subfield code="c">&#x411;. &#x438;.</subfield>
    <subfield code="d">1975</subfield>
  </datafield>
  <datafield tag="215" ind1=" " ind2=" ">
    <subfield code="a">56 &#x441;.</subfield>
    <subfield code="d">21</subfield>
  </datafield>
  <datafield tag="532" ind1="1" ind2="3">
    <subfield code="a">&#x418;&#x43D;&#x441;&#x442;&#x440;&#x443;&#x43A;&#x446;&#x438;&#x44F; &#x43F;&#x43E; &#x43D;&#x43E;&#x440;&#x43C;&#x438;&#x440;&#x43E;&#x432;&#x430;&#x43D;&#x438;&#x44E; &#x440;&#x430;&#x441;&#x445;&#x43E;&#x434;&#x430; &#x43C;&#x435;&#x43B;&#x430;&#x441;&#x441;&#x44B; &#x432; &#x43F;&#x435;&#x440;&#x435;&#x441;&#x447;&#x435;&#x442;&#x435; &#x43D;&#x430; 46 % &#x441;&#x430;&#x445;&#x430;&#x440;&#x430; &#x43E;&#x441;&#x43D;&#x43E;&#x432;&#x43D;&#x44B;&#x445; &#x438; &#x432;&#x441;&#x43F;&#x43E;&#x43C;&#x43E;&#x433;&#x430;&#x442;&#x435;&#x43B;&#x44C;&#x43D;&#x44B;&#x445; &#x43C;&#x430;&#x442;&#x435;&#x440;&#x438;&#x430;&#x43B;&#x43E;&#x432; &#x432; &#x43F;&#x440;&#x43E;&#x438;&#x437;&#x432;&#x43E;&#x434;&#x441;&#x442;&#x432;&#x435; &#x445;&#x43B;&#x435;&#x431;&#x43E;&#x43F;&#x435;&#x43A;&#x430;&#x440;&#x43D;&#x44B;&#x445; &#x434;&#x440;&#x43E;&#x436;&#x436;&#x435;&#x439;</subfield>
  </datafield>
  <datafield tag="712" ind1="0" ind2="1">
    <subfield code="a">&#x421;&#x421;&#x421;&#x420;</subfield>
    <subfield code="b">&#x413;&#x43B;&#x430;&#x432;&#x43D;&#x43E;&#x435; &#x443;&#x43F;&#x440;&#x430;&#x432;&#x43B;&#x435;&#x43D;&#x438;&#x435; &#x445;&#x43B;&#x435;&#x431;&#x43E;&#x43F;&#x435;&#x43A;&#x430;&#x440;&#x43D;&#x43E;&#x439; &#x43F;&#x440;&#x43E;&#x43C;&#x44B;&#x448;&#x43B;&#x435;&#x43D;&#x43D;&#x43E;&#x441;&#x442;&#x438;</subfield>
    <subfield code="3">RU\NLR\AUTH\8810184211</subfield>
    <subfield code="9">865109</subfield>
  </datafield>
  <datafield tag="801" ind1=" " ind2="0">
    <subfield code="a">RU</subfield>
    <subfield code="b">NLR</subfield>
    <subfield code="g">psbo</subfield>
  </datafield>
  <datafield tag="801" ind1=" " ind2="1">
    <subfield code="a">RU</subfield>
    <subfield code="b">ELAR</subfield>
    <subfield code="2">rusmarc</subfield>
  </datafield>
  <datafield tag="852" ind1=" " ind2=" ">
    <subfield code="a">NLR</subfield>
    <subfield code="j">76-4/17425</subfield>
  </datafield>
  <datafield tag="942" ind1=" " ind2=" ">
    <subfield code="c">BOOK</subfield>
  </datafield>
  <datafield tag="980" ind1=" " ind2=" ">
    <subfield code="a">NB</subfield>
  </datafield>
  <datafield tag="995" ind1=" " ind2=" ">
    <subfield code="5">2013-10-26</subfield>
    <subfield code="b">NLR01</subfield>
    <subfield code="c">NLR01</subfield>
    <subfield code="e">RF91</subfield>
    <subfield code="f">7247690-10</subfield>
    <subfield code="k">76-4/17425</subfield>
    <subfield code="o">0</subfield>
    <subfield code="r">BOOK</subfield>
    <subfield code="s">76417425_</subfield>
  </datafield>
</record>
